000
00403nam a22001572 4500
001
0000005683
005
20151217160111.0
008
070620s xx 000 0 eng d
040
_a
KABU
_c
KABU
050
0
_a
QL706.8
_b
.E53
245
1
0
_a
Endangered mammals!.
260
_a
Chicago :
_b
WBI,
_c
1995.
300
_a
60 p.
908
_a
070620
999
_c
14251
_d
14251